000
00290nam a2200121Ia 4500
008
220204s9999 xx 000 0 und d
082
_a
804
_b
PAT
100
_a
Patterson, William Robert
245
0
_a
Colloquial French
250
_a
Ed.16
260
_a
Ludhiana
_b
Kalyani
_c
1976
942
_c
BK
999
_c
29402
_d
29402